عرض عادي
عرض مارك
- الأفغاني، سعيد
مدخل إسم شخص
001 - رقم الضبط
- حقل الضبط: 1145
003 - معرف رقم الضبط
- حقل الضبط: OSt
005 - تاريخ ووقت أخر عملية
- حقل الضبط: 20110720184900.0
008 - عناصر بيانات ثابتة الطول
- حقل تحكم ثابت الطول: 110720|||a|||||| | ||| d
040 ## - مصدر الفهرسة
- هيئة الفهرسة الأصلية: OSt
- وكالة الكتابة: OSt
100 ## - مدخل -- أسم شخص
- إسم شخص: الأفغاني، سعيد
- مصطلح الرابط: مراجع.\\
670 ## - بيانات المصدر موجوده
- الاستشهاد بالمصدر: Work cat.: (OSt)1750: ابن هشام، عبد الله بن يوسف بن أحمد، 708-761 هـ. 1132, مغني اللبيب عن كتب الأعاريب /, 1399 = 1979
